Mujeres y partidos políticos /

Guardat en:
Dades bibliogràfiques
Autor principal: Peña Mendoza, Lorena
Format: Text
Matèries:
Etiquetes: Afegir etiqueta
Sense etiquetes, Sigues el primer a etiquetar aquest registre!

MARC

LEADER 00000 a a2200000 04500
001 7457
003
040
100 |a Peña Mendoza, Lorena  
245 |a Mujeres y partidos políticos /  |c Lorena Peña Mendoza 
650 |a PARTICIPACION DE LA MUJER  
650 |a ORGANIZACIONES FEMENINAS  
650 |a PARTIDOS POLITICOS  
773 |g número 5; páginas 32-34  
999 |c 40095  |d 40095